|
|
|
|
| LEADER |
00821mam a22002054a 4500 |
| 020 |
|
|
|a 0719053919 (hc.)
|
| 020 |
|
|
|a 0719053927 (pbk.)
|
| 082 |
0 |
0 |
|a 280.409 42
|b TYA/A
|
| 100 |
1 |
|
|a Tyacke, Nicholas.
|
| 245 |
1 |
0 |
|a Aspects of English Protestantism, c. 1530-1700 /
|
| 260 |
|
|
|a Manchester, UK ;
|a New York :
|b Manchester University Press :
|b Distributed exclusively in the USA by Palgrave,
|c 2001.
|
| 300 |
|
|
|a xiii, 354 p. :
|
| 490 |
1 |
|
|a Politics, culture, and society in early modern Britain
|
| 650 |
|
0 |
|a Protestantism
|z England
|
| 650 |
|
0 |
|a Protestantism
|z England
|
| 650 |
|
0 |
|a Reformation
|z England.
|
| 650 |
|
0 |
|a Puritans
|z England.
|
| 942 |
|
|
|c BK
|
| 999 |
|
|
|c 97956
|d 97956
|
| 952 |
|
|
|0 0
|1 0
|4 0
|6 280_409000000000000_42_TYA_A
|7 0
|9 91056
|a SSS
|b SSS
|c GEN
|d 2011-11-25
|l 2
|o 280.409 42 TYA/A
|p SSS05772
|r 2013-04-22
|s 2013-04-04
|w 2011-11-25
|y BK
|